000 00455nam a2200121Ia 4500
008 220620s9999||||xx |||||||||||||| ||und||
245 0 _aEurope in Identity Crisis
_bThe Future of the EU in the Age of Nationalism
546 _aEnglish[eng]
650 _aPolitical Science||International Relations
700 _aAltomontee, Carlo||Villafranca, Antonio
856 _uhttps://library.oapen.org/bitstream/20.500.12657/52802/1/external_content.pdf
942 _cEB
999 _c29191
_d29191